| 000 | 00493nam a2200121Ia 4500 | ||
|---|---|---|---|
| 008 | 220620s9999||||xx |||||||||||||| ||und|| | ||
| 100 | _aAbdullah Mohamed Asiri||Mohammed Muzibur Rahman | ||
| 245 | 0 | _aRecent Progress in Organometallic Chemistry | |
| 546 | _aEnglish[eng] | ||
| 650 | _aPhysical Sciences||Engineering and Technology||Chemistry||Organometallic Chemistry||Inorganic Chemistry | ||
| 856 | _uhttps://www.intechopen.com/books/recent-progress-in-organometallic-chemistry | ||
| 942 | _cEB | ||
| 999 |
_c31560 _d31560 |
||